Audiovisual translation : (Record no. 22190)

MARC details
000 -LEADER
fixed length control field 02620cam a22003615a 4500
001 - CONTROL NUMBER
control field 17315264
003 - CONTROL NUMBER IDENTIFIER
control field EG-ScBUE
005 - DATE AND TIME OF LATEST TRANSACTION
control field 20220508121519.0
008 - FIXED-LENGTH DATA ELEMENTS--GENERAL INFORMATION
fixed length control field 120523s2012 enka f bqd 001 0 eng d
020 ## - INTERNATIONAL STANDARD BOOK NUMBER
International Standard Book Number 9781905763917
020 ## - INTERNATIONAL STANDARD BOOK NUMBER
International Standard Book Number 1905763913
040 ## - CATALOGING SOURCE
Original cataloging agency DLC
Language of cataloging eng
Description conventions rda
Transcribing agency DLC
Modifying agency DLC
-- EG-ScBUE
082 04 - DEWEY DECIMAL CLASSIFICATION NUMBER
Classification number 418.02
Edition number 22
Item number CHA
100 1# - MAIN ENTRY--PERSONAL NAME
Personal name Chaume, Frederic,
Relator term author.
9 (RLIN) 40788
245 10 - TITLE STATEMENT
Title Audiovisual translation :
Remainder of title dubbing /
Statement of responsibility, etc Frederic Chaume.
264 #1 - PUBLICATION, DISTRIBUTION, ETC. (IMPRINT)
Place of publication, distribution, etc London ;
-- New York :
Name of publisher, distributor, etc Routledge,
Date of publication, distribution, etc 2012.
300 ## - PHYSICAL DESCRIPTION
Extent xix, 208 pages :
Other physical details illustrations ;
Dimensions 25 cm +
Accompanying material 1 DVD.
336 ## - CONTENT TYPE
Source rdacontent
Content type term text
Content type code txt
337 ## - MEDIA TYPE
Source rdamedia
Media type term unmediated
Media type code n
338 ## - CARRIER TYPE
Source rdacarrier
Carrier type term volume
Carrier type code nc
490 0# - SERIES STATEMENT
Series statement Translation practices explained
500 ## - GENERAL NOTE
General note Includes filmographic.
504 ## - BIBLIOGRAPHY, ETC. NOTE
Bibliography, etc Includes bibliographical references and index.<br/>
520 ## - SUMMARY, ETC.
Summary, etc Audiovisual Translation: Dubbing" is an introductory textbook that provides a solid overview of the world of dubbing and is fundamentally interactive in approach. A companion to Audiovisual Translation: Subtitling, it follows a similar structure an8d is accompanied by a DVD. Based on first-hand experience in the field, the book combines translation practice with other related tasks - usually commissioned to dialogue writers and dubbing assistants - thus offering a complete introduction to the field of dubbing. It develops diversified skills, presents a broad picture of the industry, engages with the various controversies in the field, and challenges prevailing stereotypes. The individual chapters cover the map of dubbing in the world, the dubbing market and professional environment, text segmentation into takes or loops, lip-syncing, the challenge of emulating oral discourse, the semiotic nature of audiovisual texts, and specific audiovisual translation issues. The book further raises a number of research questions and looks at some of the unresolved challenges of this very specific form of translation. It includes graded exercises covering core skills that can be practised in class or at home, individually or collectively. The accompanying DVD contains sample film material in Dutch, English, French, Italian and Spanish, as well as a range of useful material related to professional practice.
650 #7 - SUBJECT ADDED ENTRY--TOPICAL TERM
Topical term or geographic name as entry element Dubbing of motion pictures.
Source of heading or term BUEsh
9 (RLIN) 40789
650 #7 - SUBJECT ADDED ENTRY--TOPICAL TERM
Topical term or geographic name as entry element Translating and interpreting.
Source of heading or term BUEsh
9 (RLIN) 39247
650 #7 - SUBJECT ADDED ENTRY--TOPICAL TERM
Topical term or geographic name as entry element Mass media and language.
Source of heading or term BUEsh
9 (RLIN) 40792
650 #7 - SUBJECT ADDED ENTRY--TOPICAL TERM
Topical term or geographic name as entry element Discourse analysis.
Source of heading or term BUEsh
9 (RLIN) 776
651 ## - SUBJECT ADDED ENTRY--GEOGRAPHIC NAME
Source of heading or term BUEsh
653 ## - INDEX TERM--UNCONTROLLED
Arrived date list August 2016
Resource For college Humanities: English
655 ## - INDEX TERM--GENRE/FORM
Form subdivision Reading book
9 (RLIN) 34232
942 ## - ADDED ENTRY ELEMENTS (KOHA)
Source of classification or shelving scheme Dewey Decimal Classification
Edition 22
Call number prefix 418.02 CHA
Koha item type Book - Borrowing
Holdings
Withdrawn status Lost status Source of classification or shelving scheme Damaged status Not for loan Collection code Home library Current library Shelving location Date acquired Source of acquisition Cost, normal purchase price Serial Enumeration / chronology Total Checkouts Full call number Barcode Date last seen Cost, replacement price Koha item type Total Renewals Date checked out Price effective from
    Dewey Decimal Classification     Baccah Central Library Central Library Second Floor 22/08/2016 Purchase 413.00 25868   418.02 CHA 000033318 15/07/2025 516.00 Book - Borrowing      
    Dewey Decimal Classification     Baccah Central Library Central Library Second Floor 22/08/2016 Purchase 413.00 25868 1 418.02 CHA 000033319 24/08/2022 516.00 CD | DVD - With book 1 01/04/2021  
    Dewey Decimal Classification     Baccah Central Library Central Library Second Floor 10/10/2016 Purchase 438.00 26103 3 418.02 CHA 000033488 15/07/2025 548.00 Book - Borrowing 13 19/01/2021 10/10/2016
    Dewey Decimal Classification       Central Library Central Library Second Floor 10/10/2016 Purchase       418.02 CHA 000033486 24/08/2022   CD | DVD - With book     10/10/2016